| 000 | 00654nam a2200229 a 4500 | ||
|---|---|---|---|
| 003 | MX-MxUPN | ||
| 005 | 20230609063519.0 | ||
| 008 | 991125s1981 es 000 0 spa u | ||
| 020 | _a8424502728 | ||
| 035 | _aUPN01000036649 | ||
| 040 |
_aMX-MxUPN _bspa _cMX-MxUPN |
||
| 041 | 1 |
_aspa _hfre |
|
| 050 | 4 |
_aLB1115 _bZ348 1981 |
|
| 100 | 1 |
_aZazzo, René, _d1910-1995 _930922 |
|
| 245 | 1 | 0 | _aManual para el examen psicológico del niño |
| 650 | _a6a. edición. | ||
| 260 |
_aMadrid : _bFundamentos, _c1981. |
||
| 300 |
_a2 volúmenes : _bilustraciones |
||
| 650 | 4 |
_aPsicología infantil _990 |
|
| 650 | 4 |
_aPruebas mentales _915534 |
|
| 942 |
_2lcc _cLIBRO |
||
| 999 |
_c36649 _d36649 |
||